| 000 | 00626nam a22001697a 4500 | ||
|---|---|---|---|
| 003 | SISC | ||
| 005 | 20160602142620.0 | ||
| 008 | 160602b xxu||||| |||| 00| 0 eng d | ||
| 020 | _a9780124201149 | ||
| 050 |
_aTK 5105.59 _b.K67 2015 |
||
| 100 | _aKnapp, Eric D. | ||
| 245 |
_aIndustrial network security : _bsecuring critical infrastructure networks for smart grid, SCADA, and other industrial control systems / _cEric D. Knapp, Joel Thomas Langill. |
||
| 260 |
_aAmsterdam : _bElsevier, _c2015. |
||
| 300 |
_axix, 439 pages : _billustrations ; _c23 cm. |
||
| 500 | _aIncludes appendix, glossary and index. | ||
| 942 |
_2lcc _cBK |
||
| 999 |
_c295576 _d295576 |
||